000 00296nam a22001337a 4500
008 190306b xxu||||| |||| 00| 0 eng d
020 _a2740126689373
041 _aeng
080 _a341
100 _a15
101 _aSHJ
245 _aElder Law for Paralegals
_cVietzen, L.A
942 _2udc
_cBK
999 _c54644
_d54644